Komparativní analýza systému sociálních benefitů v období nezaměstnanosti ve vybraných zemích EU
Analýza systému podpory v nezamestnanosti. Systém sociálnych dávok v krajinách EÚ. Zameranie sa na vybrané parciálne ukazovatele. Teoreticko-metodologické východiska. Komparatívna analýza.
Enregistré dans:
| Auteur principal: | |
|---|---|
| Format: | Chapitre de livre |
| Langue: | tchèque |
| Sujets: | |
| Tags: |
Pas de tags, Soyez le premier à ajouter un tag!
|
MARC
| LEADER | 00000naa$a2200000$$$4500 | ||
|---|---|---|---|
| 001 | 0066590 | ||
| 005 | 20231107115124.3 | ||
| 041 | 0 | |a cze | |
| 044 | |a CZ | ||
| 245 | 1 | 0 | |a Komparativní analýza systému sociálních benefitů v období nezaměstnanosti ve vybraných zemích EU |c Michal Tvrdoň |
| 520 | |a Analýza systému podpory v nezamestnanosti. Systém sociálnych dávok v krajinách EÚ. Zameranie sa na vybrané parciálne ukazovatele. Teoreticko-metodologické východiska. Komparatívna analýza. | ||
| 610 | 2 | 0 | |a analýza komparatívna |
| 610 | 2 | 0 | |a nezamestnanosť |
| 610 | 2 | 0 | |a Európska únia |
| 610 | 2 | 0 | |a dávky sociálne |
| 610 | 2 | 0 | |a systémy sociálne |
| 100 | 1 | |a Tvrdoň, Michal | |